Zero to One (Record no. 60700)
[ view plain ]
| 000 -LEADER | |
|---|---|
| fixed length control field | 00520nam a22001937a 4500 |
| 005 - DATE & TIME | |
| control field | 20260423131035.0 |
| 008 - FIXED-LENGTH DATA ELEMENTS--GENERAL INFORMATION | |
| fixed length control field | 260423b |||||||| |||| 00| 0 eng d |
| 020 ## - ISBN | |
| International Standard Book Number | 9780753555194 |
| Price | 699.00 |
| 040 ## - CATALOGING SOURCE | |
| Original cataloging agency | Doon University |
| 041 ## - Language | |
| Language | English |
| 082 ## - DDC NUMBER | |
| Classification number | 658.11 |
| Book Number | THI |
| 100 ## - MAIN ENTRY--PERSONAL NAME | |
| Personal name | Thiel, Peter |
| 245 ## - TITLE STATEMENT | |
| Title | Zero to One |
| Sub Title | : Notes on Startups or how to Build the Future |
| 260 ## - PUBLICATION, DISTRIBUTION, ETC. (IMPRINT) | |
| Place of publication, distribution, etc | London |
| Name of publisher, distributor, etc | Penguin |
| Date of publication, distribution, etc | 2014 |
| 300 ## - PHYSICAL DESCRIPTION | |
| Pages | 210 |
| 650 ## - Subject | |
| Subject | Commerce (PM USHA) |
| 700 ## - Added Entry Personal Name | |
| Added Entry Personal Name | Masters, Blake |
| 942 ## - ADDED ENTRY ELEMENTS (KOHA) | |
| Koha item type | Books |
| 100 ## - MAIN ENTRY--PERSONAL NAME | |
| -- | 24870 |
| 650 ## - Subject | |
| -- | 26705 |
| 700 ## - Added Entry Personal Name | |
| -- | 24871 |
| 952 ## - LOCATION AND ITEM INFORMATION (KOHA) | |
| -- | 2026-04-23 |
| 952 ## - LOCATION AND ITEM INFORMATION (KOHA) | |
| -- | 2026-04-23 |
| 952 ## - LOCATION AND ITEM INFORMATION (KOHA) | |
| -- | 2026-04-23 |
| 952 ## - LOCATION AND ITEM INFORMATION (KOHA) | |
| -- | 2026-04-23 |
| 952 ## - LOCATION AND ITEM INFORMATION (KOHA) | |
| -- | 2026-04-23 |
| 952 ## - LOCATION AND ITEM INFORMATION (KOHA) | |
| -- | 2026-04-23 |
| 952 ## - LOCATION AND ITEM INFORMATION (KOHA) | |
| -- | 2026-04-23 |
| 952 ## - LOCATION AND ITEM INFORMATION (KOHA) | |
| -- | 2026-04-23 |
| 952 ## - LOCATION AND ITEM INFORMATION (KOHA) | |
| -- | 2026-04-23 |
| 952 ## - LOCATION AND ITEM INFORMATION (KOHA) | |
| -- | 2026-04-23 |
| Withdrawn status | Lost status | Source of classification or shelving scheme | Damaged status | Not for loan | Location (home branch) | Sublocation or collection (holding branch) | Date acquired | Koha issues (times borrowed) | Koha full call number | Accession No. | Koha date last seen | Koha item type |
|---|---|---|---|---|---|---|---|---|---|---|---|---|
| Doon University | Doon University | 23.04.2026 | 658.11 THI | 32912 | 23.04.2026 | Books | ||||||
| Doon University | Doon University | 23.04.2026 | 658.11 THI | 32913 | 23.04.2026 | Books | ||||||
| Doon University | Doon University | 23.04.2026 | 658.11 THI | 32914 | 23.04.2026 | Books | ||||||
| Doon University | Doon University | 23.04.2026 | 658.11 THI | 32915 | 23.04.2026 | Books | ||||||
| Doon University | Doon University | 23.04.2026 | 658.11 THI | 32916 | 23.04.2026 | Books | ||||||
| Doon University | Doon University | 23.04.2026 | 658.11 THI | 32917 | 23.04.2026 | Books | ||||||
| Doon University | Doon University | 23.04.2026 | 658.11 THI | 32918 | 23.04.2026 | Books | ||||||
| Doon University | Doon University | 23.04.2026 | 658.11 THI | 32919 | 23.04.2026 | Books | ||||||
| Doon University | Doon University | 23.04.2026 | 658.11 THI | 32920 | 23.04.2026 | Books | ||||||
| Doon University | Doon University | 23.04.2026 | 658.11 THI | 32921 | 23.04.2026 | Books |